00723nam a22001457a 4500082001600000100002600016245013100042260004900173300002100222563000900243880011800252942001200370999001900382952017600401 a297.63bNOR aNoreen, Syeda Fareeda aTaleem wo Tarbiyat mein Rasool Allah Sallallahu Alaihi Wasallam ki narmi aur sakhti kay roshan pehloon /cSyeda Fareeda Noreen aIslamabad :bSubha Noor Publications,c2022. a368 p. ;c22 cm. aHBK. 6245-02\raتعلیم و تربیت میں رسول ﷲ ﷺ کی نرمی اور سختی کے روشن پہلو / 2ddccBK c592796d592796 00102ddc406297_630000000000000_NOR709584653aCLbCLcISLd2022-12-23eDonated by Dr Syed Hafiz Muhammad Abdullahl0o297.63 NORpCL-D-2234r2022-12-23w2022-12-23yBK